People who worked with David Bowie (slideshow) Quiz Stats

 Plays Quiz not verified by Sporcle

Challenge
Share
Tweet
Score 0/32 Timer 09:00
0 Plays Today
% Correct
David Bowie 8 January 1947 – 10 January 2016
98.4%
John Lennon
97.3%
Queen
94.3%
Tina Turner
92%
Mick Jagger
91.2%
Andy Warhol
83.1%
Zoolander
81%
Labyrinth
77%
Lou Reed
72.7%
Ricky Gervais
72%
Iggy Pop
71.9%
Space Oddity
71.5%
Scarlett Johansson
55.4%
Mott the Hoople
54.3%
Annie Lennox
53.7%
The Man Who Fell To Earth
53.6%
% Correct
Life on Mars
53%
The Elephant Man
50.4%
Pontius Pilate
47.4%
Ashes to Ashes
46.6%
Dave Gilmour
46.5%
The Prestige
46.1%
Brian Eno
42.7%
Pet Shop Boys
39.9%
Duncan Jones, Bowie's son (formerly known as Zowie Bowie)
39.7%
Heroes
38.8%
Mick Ronson
38.2%
Arcade Fire
36.8%
Lulu
35.7%
Nile Rodgers
35.7%
Merry Christmas, Mr Lawrence
29%
Lindsay Kemp
12.9%

You're not logged in!

Compare scores with friends on all Sporcle quizzes.
Join for Free
OR
Log In

You Might Also Like...

Show Comments

Extras

Editor's Pick Jan 12, 2016ReportNominate
Tags:David Bowie

Top Quizzes Today


Score Distribution

Your Account Isn't Verified!

In order to create a playlist on Sporcle, you need to verify the email address you used during registration. Go to your Sporcle Settings to finish the process.

Report this User

Report this user for behavior that violates our Community Guidelines.

Details: